000 00754cam a2200193 4500
001 WB3719-21
008 000000n2001 000 0 eng u
035 _a(Sirsi) u112574
245 _aNetmortgage closes site to new business
260 _c2001
490 _aRevolution
_v9 May 2001, 5(1)
520 _aThe online mortgage aggregator Netmortgage, which is backed by independent mortgage broker Savills Private Finance, has ceased taking new business and withdrawn its site. Its director has cited lack of growth in public confidence in transacting online as a key reason for this decision.
590 _aWB
650 _aNETMORTGAGE
650 _aE-COMMERCE
650 _aMORTGAGES
690 _aINFORMATION TECHNOLOGY-INTERNET
942 _n0
999 _c67003
_d67003